| 000 | 00873nam a2200253 a 4500 | ||
|---|---|---|---|
| 001 | 000009812 | ||
| 005 | 20200929161720.0 | ||
| 008 | 920811s1986 sp 000 0 spa d | ||
| 010 | _a92198319 | ||
| 040 |
_aDO-SdBNP _cDLC _dDLC |
||
| 042 | _alccopycat | ||
| 082 |
_a861.0864 _bB858a |
||
| 100 | 1 |
_aBrines, Francisco, _d1932- _924717 |
|
| 240 | 1 | 0 |
_aPoems. _kSelections |
| 245 | 1 | 0 |
_aAntología poética / _cFrancisco Brines ; selección y prólogo de José Olivio Jiménez. |
| 260 |
_aMadrid : _bAlianza Editorial, _cc1986. |
||
| 300 |
_a183 p. ; _c18 cm. |
||
| 490 | 1 |
_aEl libro de bolsillo _aSección Literatura _v1190 |
|
| 650 | 4 |
_aPoesìa española _xColecciones _93395 |
|
| 650 | 4 |
_aLiteratura española _9632 |
|
| 700 | 1 |
_aJiménez, José Olivio. _924718 |
|
| 830 | 0 |
_aEl libro de bolsillo _pSección Literatura _v1190 _917597 |
|
| 910 | _aCatalogación por copia / LC | ||
| 999 |
_c9571 _d9571 |
||